Introduction to applied solid state physics: topics in the applications of semiconductors, super-conductors, ferromagnetism, and the nonlinear ... (Record no. 47608)
[ view plain ]
| 000 -LEADER | |
|---|---|
| fixed length control field | 00762nam a2200205 a 4500 |
| 008 - FIXED-LENGTH DATA ELEMENTS--GENERAL INFORMATION | |
| fixed length control field | 120416s1990 ||||||||||||||||| || u |
| 020 ## - INTERNATIONAL STANDARD BOOK NUMBER | |
| International Standard Book Number | 0306434342 |
| 050 ## - LIBRARY OF CONGRESS CALL NUMBER | |
| Classification number | QC 176 Dal |
| 100 ## - MAIN ENTRY--PERSONAL NAME | |
| Personal name | Dalven, Richard |
| 245 10 - TITLE STATEMENT | |
| Title | Introduction to applied solid state physics: topics in the applications of semiconductors, super-conductors, ferromagnetism, and the nonlinear ... |
| 250 ## - EDITION STATEMENT | |
| Edition statement | 2nd ed |
| 260 ## - PUBLICATION, DISTRIBUTION, ETC. | |
| Place of publication, distribution, etc. | New York |
| Name of publisher, distributor, etc. | Plenum Press |
| Date of publication, distribution, etc. | 1990 |
| 300 ## - PHYSICAL DESCRIPTION | |
| Extent | xvi, 410p. : ill |
| 350 ## - PRICE (NR) (BK AM CF MU VM SE) [OBSOLETE] | |
| Price | 0.00 |
| 500 ## - GENERAL NOTE | |
| General note | Bibliography. |
| 650 #0 - SUBJECT ADDED ENTRY--TOPICAL TERM | |
| Topical term or geographic name entry element | PHYSICS |
| 650 #0 - SUBJECT ADDED ENTRY--TOPICAL TERM | |
| Topical term or geographic name entry element | SOLID STATE PHYSICS |
| 650 ## - SUBJECT ADDED ENTRY--TOPICAL TERM | |
| Topical term or geographic name entry element | SEMICONDUCTORS |
| 995 ## - RECOMMENDATION 995 [LOCAL, UNIMARC FRANCE] | |
| -- | 0.00 |
| -- | CBU-MAIN LIBRARY (Kitwe) |
| -- | 1 |
| -- | 29.65 |
| -- | 1 |
| -- | AVAILABLE |
| -- | Main Library Open Access Collection |
| Withdrawn status | Lost status | Source of classification or shelving scheme | Damaged status | Not for loan | Home library | Current library | Shelving location | Date acquired | Total Checkouts | Full call number | Barcode | Date last seen | Price effective from | Koha item type |
|---|---|---|---|---|---|---|---|---|---|---|---|---|---|---|
| CBU-MAIN LIBRARY, KITWE. | CBU-MAIN LIBRARY, KITWE. | 11/30/2022 | QC 176 Dal | 012796 | 11/30/2022 | 11/30/2022 | MONOGRAPH |